000
00305nam a2200109 4500
008
180220b xxu||||| |||| 00| 0 eng d
245
_a
Davao's economic rise on target.
260
_a
Philippines
_b
The Philippine Star
_c
c2017
300
_a
page B5.
650
0
_9
26693
_a
Economic conditions.
942
_2
ddc
_c
PER
999
_c
8773
_d
8773